Cenová politika v době krize
Tlak na materiálové náklady podnikov ako dôsledok krízy. Prenášanie vyšších nákladov na ceny. Najčastejšie formy zvýšenia netto ceny. Kroky pri zvyšovaní cien. Jasne definovať ciele zvýšenia cien. Postupovať diferencovanie na strane produktov a zákazníkov. Dôsledná príprava zvýšenia ceny. Dôsledná r...
Saved in:
| Main Author: | |
|---|---|
| Format: | Book Chapter |
| Language: | Czech |
| Subjects: | |
| Tags: |
No Tags, Be the first to tag this record!
|
MARC
| LEADER | 00000naa a2200000 4500 | ||
|---|---|---|---|
| 001 | 0135710 | ||
| 005 | 20240315070559.5 | ||
| 041 | 0 | |a cze | |
| 044 | |a CZ | ||
| 245 | 1 | 0 | |a Cenová politika v době krize |c Hana Petrová |
| 520 | |a Tlak na materiálové náklady podnikov ako dôsledok krízy. Prenášanie vyšších nákladov na ceny. Najčastejšie formy zvýšenia netto ceny. Kroky pri zvyšovaní cien. Jasne definovať ciele zvýšenia cien. Postupovať diferencovanie na strane produktov a zákazníkov. Dôsledná príprava zvýšenia ceny. Dôsledná realizácia zvýšenia ceny. Dôsledná kontrola výsledkov. | ||
| 610 | 2 | 0 | |a ceny |
| 610 | 2 | 0 | |a politika cenová |
| 610 | 2 | 0 | |a náklady |
| 610 | 2 | 0 | |a produkty |
| 610 | 2 | 0 | |a zákazníci |
| 610 | 2 | 0 | |a zvyšovanie cien |
| 610 | 2 | 0 | |a kríza hospodárska |
| 610 | 2 | 0 | |a kontrola |
| 100 | 1 | |a Petrová, Hana | |